Glen Powell Filmography - Statistics

General Stats
  • This quiz has been taken 72 times
    40 since last reset
  • The average score is 16 of 68
Answer Stats
Type Year Name % Correct
Film 2022 Top Gun: Maverick
77%
Film 2023 Hit Man
68%
Film 2025 The Running Man
68%
Film 2023 Anyone But You
59%
Film 2003 Spy Kids 3: Game Over
55%
TV Show 2024 Saturday Night Live
50%
Film 2024 Twisters
50%
Film 2012 The Dark Knight Rises
45%
Web Series 2025 Chad Powers
41%
Film 2016 Hidden Figures
41%
Film 2018 Set It Up
36%
Film 2022 Apollo 10½: A Space Age Childhood
27%
Film 2022 Devotion
27%
Film 2016 Everybody Wants Some!!
27%
TV Show 2012 NCIS
27%
Film 2013 Red Wing
27%
Film 2014 The Expendables 3
27%
Film 2013 Best Friends Forever
23%
TV Show 2009 CSI: Miami
23%
TV Show 2024 Family Guy
23%
Film 2006 Fast Food Nation
23%
Short Film 2011 J.A.W.
23%
Film 2006 Jumping Off Bridges
23%
Film 2016 Misconduct
23%
Film 2016 Ride Along 2
23%
Film 2017 Sand Castle
23%
TV Show 2015-2016 Scream Queens
23%
Film 2014 Sex Ed
23%
Film 2012 Stuck in Love.
23%
Film 2018 The Bad Guys
23%
Film 2007 The Great Debaters
23%
Film 2006 The Hottest State
23%
Film 2005 The Wendell Baker Story
23%
Film 2015 Wind Walkers
23%
Web Series 2017 All Hail King Julien
18%
TV Show 2003 Endurance
18%
TV Mini-Series 2005 Into the West
18%
TV Show 2004 Jack & Bobby
18%
Web Series 2020-2022 Jurassic World: Camp Cretaceous
18%
TV Show 2023 Rick and Morty
18%
TV Show 2011 Rizzoli & Isles
18%
TV Show 2020 Robot Chicken
18%
TV Show 2012 The Lying Game
18%
TV Show 2008 Without a Trace
18%
Podcast 2021 10 Days
14%
Podcast 2024 The Best Man's Ghostwriter
14%
Film TBA The Natural Order
14%
Web Series 2017 All Hail King Julien: Exiled
9%
Film 2013 April Apocalypse
9%
Film 2012 Barrio Tales
9%
Short Film 2013 Bizarre Bracket Behavior
9%
Video Game 2003 Deus Ex: Invisible War
9%
Film TBA Ghostwriter
9%
Music Video 2022 Great Balls of Fire
9%
Short Film 2006 Hidden Places
9%
Film 2025 Huntington
9%
TV Show 2024 Jeopardy!
9%
Film TBA Monsanto
9%
Short Film 2012 Mother Hen
9%
Film 2011 Pig
9%
Short Film 2013 Starting Over with Brooke Shields
9%
TV Show 2021 The Bachelorette
9%
TV Special 2023 The Big Fat Quiz of the Year
9%
TV Show 2021 The Challenge
9%
Film 2018 The Guernsey Literary and Potato Peel Society
9%
Short Film 2006 The Safe Side: Internet Safety
9%
Short Film 2012 The Uninvited: A Red River Rivalry Nightmare
9%
Short Film 2012 The Vibrator
9%
No matching quizzes found
Score Distribution
Percent of People with Each Score
Percentile by Number Answered
Your Score History
You have not taken this quiz since the last reset